000 00534nmm a2200217 a 4500
003 AR-BaBNM
005 20251128203623.0
008 307019s1960 ||||||||||||||000 | spa||
040 _cAR-BaBNM
245 1 0 _aGran diccionario de frases célebres
_n3
260 _aBarcelona
_bSintes
_c1960
300 0 _a374 p.
500 0 _aEl volúmen 3 abarca N-Z
650 4 _aDICCIONARIOS
650 4 _aLITERATURA
650 4 _aCITAS
655 _aREFERENCIA
700 1 _aSintes Pros, Jorge
_ecompilador
942 _cBK
998 _claura
999 _c4176
_d4176